Name The Country Who Owns That Island #3 - Statistics

General Stats
  • This quiz has been taken 48 times
  • The average score is 12 of 16
Answer Stats
Island Country % Correct
Sicily Italy
98%
Taiwan Taiwan
98%
Malta Malta
96%
Kyushu Japan
94%
Ibiza Spain
87%
Borneo Indonesia / Malaysia / Brunei
85%
Oahu United States
85%
Rhodes Greece
83%
Principe São Tomé and Príncipe
77%
Curaçao Netherlands
72%
Grande Comore Comoros
70%
Ellesmere Island Canada
66%
São Miguel Island Portugal
66%
Fraser Island Australia
60%
Bougainville Papua New Guinea
40%
New Providence The Bahamas
26%
No matching quizzes found
Score Distribution
Percent of People with Each Score
Percentile by Number Answered
Your Score History
You have not taken this quiz